Social movements : (Record no. 85036)

MARC details
000 -LEADER
fixed length control field 00747nam a22002177a 4500
005 - DATE AND TIME OF LATEST TRANSACTION
control field 20140623113547.0
010 ## - LCCN (DPL NO)
LC control number ENG-110232
020 ## - INTERNATIONAL STANDARD BOOK NUMBER
International Standard Book Number 9780415717366
Terms of availability 850.00
035 ## - SYSTEM CONTROL NUMBER
System control number EN-93764
037 ## - SOURCE OF ACQUISITION
Source of stock number/acquisition DBAD/PUB
082 ## - DEWEY DECIMAL CLASSIFICATION NUMBER
Classification number 303.484
245 ## - TITLE STATEMENT
Title Social movements :
Statement of responsibility, etc edited by Savyasaachi [and] Ravi Kumar
Remainder of title transformative shifts and turning points /
260 ## - PUBLICATION, DISTRIBUTION, ETC. (IMPRINT)
Place of publication, distribution, etc New Delhi
Name of publisher, distributor, etc Routledge
Date of publication, distribution, etc 2014
270 ## - ADDRESS
Address 912, Tolstoy House, 15-17 Tolstoy Marg, Connaught Place
City New Delhi
Postal code 110001
300 ## - PHYSICAL DESCRIPTION
Extent vi,380p.
Dimensions 23cm(Hb)
490 ## - SERIES STATEMENT
Series statement Social movements and transformative dissent
500 ## - GENERAL NOTE
General note Includes bibliographical references and index
700 ## - ADDED ENTRY--PERSONAL NAME
Personal name Savyasaachi
700 ## - ADDED ENTRY--PERSONAL NAME
Personal name Ravi Kumar
942 ## - ADDED ENTRY ELEMENTS (KOHA)
Source of classification or shelving scheme Dewey Decimal Classification
Item type English Books
Call number suffix SOC
Classification part 303.484
Holdings
Withdrawn status Lost status Not for loan Collection code Home library Current library Date acquired Source of acquisition Cost, normal purchase price Full call number Barcode Copy number Cost, replacement price Koha item type
    Not For Loan Non-fiction D.B.Act.Division D.B.Act.Division 11/06/2014 DBAD/PUB 850.00 303.484 SOC EN-93764 1 850.00 English Books

© Delhi Public Library
Hit Counter
free hit counter